1521 1454 1021 1159 1568 1772 1529 1084 1089 1491 1316 1077 1857 1335 1179 1976 1316 1315 1923 1031 1116 1518 1220 1145 1646 1919 1414 1852 1537 1002 1681 1418 1407 1336 1208 1820 1170 1970 1941 1701 1752 1549 1615 1436 1588 1870 1416 1266 1020 1153 1969 1552 1311 1530 1636 1839 1852 1553 1789 1619 1427 1645 1776 1668 1512 1023 1795 1621 1096 1357 1382 1121 1583 1700 1664 1748 1808 1935 1302 1378 1424 1295 1978 1323 1066 1808 1876 1682 1603 1831 1701 1357 1971 1091 1895 1087 1873 1536 1299 BCNSPRNW ULIB Ver.6.0+V

เปลี่ยนเป็นภาษาไทย

Change to English
 แสดงรายละเอียดบรรณานุกรม
  กลับหน้าหลัก

Brief Record : Get Marc (ISO 2709) : E-mail record : QR code < ปิดหน้าต่าง
LEADER : 00000nam 2200000uu 4500
001    13399109430
003     ULIB
008    110401s2544||||th 000 0 tha d
020    9747634481
060 04 WB105^bอ637ฉ 2544
245 00 อายุรศาสตร์ฉุกเฉิน /^cวิชัย ประยูรวิวัฒน์, จันทราภาศรีสวัสดิ์, ประสาท เหล่าถาวร บรรณาธิการ
250    พิมพ์ครั้งที่ 1
260    กรุงเทพฯ :^bกองอายุรศาสตร์-ภาควิชาอายุรศาสตร์วิทยาลัยแพทยศาสตร์พระมงกุฎเกล้า,^c2544
300    viii, 372 หน้า :^bภาพประกอบ ;^c27 ซม.
500    การอบรมระยะสั้นอายุรศาสตร์ในเวชปฏิบัติ ครั้งที่ 2กองอายุรศาสตร์ โรงพยาบาลพระมงกุฎเกล้า
650  7 เวชศาสตร์ฉุกเฉิน^vการประชุม
650  7 ภาวะฉุกเฉิน^vการประชุม
650  7 บริการฉุกเฉินของโรงพยาบาล^vการประชุม
700 0  วิชัย ประยูรวิวัฒน์,^eบรรณาธิการ
700 0  จันทราภา ศรีสวัสดิ์,^eบรรณาธิการ
700 0  ประสาท เหล่าถาวร,^eบรรณาธิการ
710 2  วิทยาลัยแพทยศาสตร์พระมงกุฏเกล้า. ^bภาควิชาอายุรศาสตร์.^bกองอายุรกรรม
945    ^p400^l0^i015584
945    ^p400^l0^i015583
945    ^p400^l0^i015582
995    ทศพร
999 ^a ใช้งานได้ทุกระบบ
รายการนี้ยังไม่มีแท็ก
คุณยังไม่ได้ล็อกอิน คุณสามารถมีกิจกรรมร่วมกับเว็บไซต์ได้ แต่ต้องล็อกอินก่อน ::
  ล็อกอิน

รายการสื่อสารสนเทศ

ลำดับที่ ประเภท เลขเรียก/บาร์โค้ด สถานที่ สถานะ
- ไม่พบข้อมูล -

BibComment


ยังไม่เคยถูกคอมเมนท์

คอมเมนท์ทรัพยากรรายการนี้
  คอมเมนท์: อายุรศาสตร์ฉุกเฉิ..


 Copyright 2026. Bcnsprnw @Library